<?xml version="1.0" encoding="UTF-8"?>
<record
    xmlns:xsi="http://www.w3.org/2001/XMLSchema-instance"
    xsi:schemaLocation="http://www.loc.gov/MARC21/slim http://www.loc.gov/standards/marcxml/schema/MARC21slim.xsd"
    xmlns="http://www.loc.gov/MARC21/slim">

  <leader>03145njm a2200517Ia 4500</leader>
  <controlfield tag="001">97129</controlfield>
  <controlfield tag="003">IT-RoPAU</controlfield>
  <controlfield tag="005">20220918181139.0</controlfield>
  <controlfield tag="008">131025s9999    xx            000 0 und d</controlfield>
  <datafield tag="040" ind1=" " ind2=" ">
    <subfield code="a">IT-RoPAU</subfield>
  </datafield>
  <datafield tag="040" ind1=" " ind2=" ">
    <subfield code="c">IT-RoPAU</subfield>
  </datafield>
  <datafield tag="041" ind1=" " ind2=" ">
    <subfield code="a">ITALIANO</subfield>
  </datafield>
  <datafield tag="999" ind1=" " ind2=" ">
    <subfield code="c">101141</subfield>
    <subfield code="d">101141</subfield>
  </datafield>
  <datafield tag="999" ind1=" " ind2=" ">
    <subfield code="b">n.d.</subfield>
  </datafield>
  <datafield tag="100" ind1=" " ind2=" ">
    <subfield code="a">AA.VV.</subfield>
    <subfield code="9">794</subfield>
  </datafield>
  <datafield tag="100" ind1=" " ind2=" ">
    <subfield code="e">Autore musica</subfield>
    <subfield code="9">27598</subfield>
  </datafield>
  <datafield tag="100" ind1=" " ind2=" ">
    <subfield code="g">Codice autore musica SPICS: 12000</subfield>
    <subfield code="9">796</subfield>
  </datafield>
  <datafield tag="245" ind1=" " ind2=" ">
    <subfield code="a">Italia amata</subfield>
  </datafield>
  <datafield tag="250" ind1=" " ind2=" ">
    <subfield code="a">1a ed.</subfield>
  </datafield>
  <datafield tag="260" ind1=" " ind2=" ">
    <subfield code="a">COLOMBIA</subfield>
  </datafield>
  <datafield tag="260" ind1=" " ind2=" ">
    <subfield code="b">CODISCOS</subfield>
  </datafield>
  <datafield tag="300" ind1=" " ind2=" ">
    <subfield code="a">DISCO</subfield>
  </datafield>
  <datafield tag="500" ind1=" " ind2=" ">
    <subfield code="a">Musica leggera. Canzone italiana</subfield>
  </datafield>
  <datafield tag="505" ind1=" " ind2=" ">
    <subfield code="a">Reginella campagnola - Canzone sbarazzina - Non ti scordar di me - Vivere - La romanina - Rondinella forestiera - Chitarra romana - Pap&#xE0; Pacifico - 'E cummarelle - Primo amore - Chitarratella - Firenze sogna</subfield>
  </datafield>
  <datafield tag="650" ind1=" " ind2=" ">
    <subfield code="a">CANZONE ITALIAN [DISCHI]</subfield>
    <subfield code="e">Codice MATERIA SPICS: 9950</subfield>
    <subfield code="9">27599</subfield>
  </datafield>
  <datafield tag="700" ind1=" " ind2=" ">
    <subfield code="a">Buti Carlo</subfield>
    <subfield code="g">Codice interprete SPICS: 13526</subfield>
    <subfield code="e">Interprete</subfield>
    <subfield code="9">27600</subfield>
  </datafield>
  <datafield tag="700" ind1=" " ind2=" ">
    <subfield code="a">Di Lazzaro Eldo</subfield>
    <subfield code="g">Codice autore musica SPICS: 13500</subfield>
    <subfield code="e">Autore musica</subfield>
    <subfield code="p">Reginella campagnola - La romanina - Chitarra romana</subfield>
    <subfield code="9">27601</subfield>
  </datafield>
  <datafield tag="700" ind1=" " ind2=" ">
    <subfield code="a">Bruno C.</subfield>
    <subfield code="g">Codice autore testo/musica SPICS: 13502</subfield>
    <subfield code="e">Autore testo/musica</subfield>
    <subfield code="p">Reginella campagnola - Chitarra romana</subfield>
    <subfield code="9">27602</subfield>
  </datafield>
  <datafield tag="700" ind1=" " ind2=" ">
    <subfield code="a">Valente Nicola</subfield>
    <subfield code="g">Codice autore musica SPICS: 13463</subfield>
    <subfield code="e">Autore musica</subfield>
    <subfield code="p">Canzone sbarazzina</subfield>
    <subfield code="9">27603</subfield>
  </datafield>
  <datafield tag="700" ind1=" " ind2=" ">
    <subfield code="a">Bovio Libero</subfield>
    <subfield code="g">Codice autore testo/musica SPICS: 13462</subfield>
    <subfield code="e">Autore testo/musica</subfield>
    <subfield code="p">Canzone sbarazzina</subfield>
    <subfield code="9">27604</subfield>
  </datafield>
  <datafield tag="700" ind1=" " ind2=" ">
    <subfield code="a">De Curtis Ernesto</subfield>
    <subfield code="g">Codice autore musica SPICS: 13475</subfield>
    <subfield code="e">Autore musica</subfield>
    <subfield code="p">Non ti scordar di me</subfield>
    <subfield code="9">27605</subfield>
  </datafield>
  <datafield tag="700" ind1=" " ind2=" ">
    <subfield code="a">Furno Giuseppe</subfield>
    <subfield code="g">Codice autore testo/musica SPICS: 32153</subfield>
    <subfield code="e">Autore testo/musica</subfield>
    <subfield code="p">Non ti scordar di me</subfield>
    <subfield code="9">27606</subfield>
  </datafield>
  <datafield tag="700" ind1=" " ind2=" ">
    <subfield code="a">Bixio Cesare Andrea</subfield>
    <subfield code="g">Codice autore testo/musica SPICS: 13441</subfield>
    <subfield code="e">Autore testo/musica</subfield>
    <subfield code="p">Vivere - </subfield>
    <subfield code="9">27607</subfield>
  </datafield>
  <datafield tag="700" ind1=" " ind2=" ">
    <subfield code="a">Micheli Giuseppe</subfield>
    <subfield code="g">Codice autore musica SPICS: 13556</subfield>
    <subfield code="e">Autore musica</subfield>
    <subfield code="p">La romanina</subfield>
    <subfield code="9">27608</subfield>
  </datafield>
  <datafield tag="700" ind1=" " ind2=" ">
    <subfield code="a">Di Lazzaro Eldo</subfield>
    <subfield code="g">Codice autore testo/musica SPICS: 13500</subfield>
    <subfield code="e">Autore testo/musica</subfield>
    <subfield code="p">La romanina</subfield>
    <subfield code="9">27609</subfield>
  </datafield>
  <datafield tag="700" ind1=" " ind2=" ">
    <subfield code="a">Fragna Armando</subfield>
    <subfield code="g">Codice autore musica SPICS: 13570</subfield>
    <subfield code="e">Autore musica</subfield>
    <subfield code="p">Rondinella forestiera - Pap&#xE0; Pacifico</subfield>
    <subfield code="9">27610</subfield>
  </datafield>
  <datafield tag="700" ind1=" " ind2=" ">
    <subfield code="a">Cherubini Bixio</subfield>
    <subfield code="g">Codice autore testo/musica SPICS: 13442</subfield>
    <subfield code="e">Autore testo/musica</subfield>
    <subfield code="p">Rondinella forestiera</subfield>
    <subfield code="9">27611</subfield>
  </datafield>
  <datafield tag="700" ind1=" " ind2=" ">
    <subfield code="a">Astelli</subfield>
    <subfield code="g">Codice autore testo/musica SPICS: 33661</subfield>
    <subfield code="e">Autore testo/musica</subfield>
    <subfield code="p">Pap&#xE0; Pacifico</subfield>
    <subfield code="9">27612</subfield>
  </datafield>
  <datafield tag="700" ind1=" " ind2=" ">
    <subfield code="a">Gigliatti</subfield>
    <subfield code="g">Codice autore musica SPICS: 33662</subfield>
    <subfield code="e">Autore musica</subfield>
    <subfield code="p">'E cummarelle</subfield>
    <subfield code="9">27613</subfield>
  </datafield>
  <datafield tag="700" ind1=" " ind2=" ">
    <subfield code="a">Giamini</subfield>
    <subfield code="g">Codice autore testo/musica SPICS: 33663</subfield>
    <subfield code="e">Autore testo/musica</subfield>
    <subfield code="p">'E cummarelle</subfield>
    <subfield code="9">27614</subfield>
  </datafield>
  <datafield tag="700" ind1=" " ind2=" ">
    <subfield code="a">Buti Carlo</subfield>
    <subfield code="g">Codice autore testo/musica SPICS: 13526</subfield>
    <subfield code="e">Autore testo/musica</subfield>
    <subfield code="p">Primo amore</subfield>
    <subfield code="9">27615</subfield>
  </datafield>
  <datafield tag="700" ind1=" " ind2=" ">
    <subfield code="a">Ruccione Mario</subfield>
    <subfield code="g">Codice autore musica SPICS: 13479</subfield>
    <subfield code="e">Autore musica</subfield>
    <subfield code="p">Chitarratella</subfield>
    <subfield code="9">27616</subfield>
  </datafield>
  <datafield tag="700" ind1=" " ind2=" ">
    <subfield code="a">Bonagura Enzo</subfield>
    <subfield code="g">Codice autore testo/musica SPICS: 13478</subfield>
    <subfield code="e">Autore testo/musica</subfield>
    <subfield code="p">Chitarratella</subfield>
    <subfield code="9">27617</subfield>
  </datafield>
  <datafield tag="700" ind1=" " ind2=" ">
    <subfield code="a">Cesare</subfield>
    <subfield code="g">Codice autore musica SPICS: 33664</subfield>
    <subfield code="e">Autore musica</subfield>
    <subfield code="p">Firenze sogna</subfield>
    <subfield code="9">27618</subfield>
  </datafield>
  <datafield tag="700" ind1=" " ind2=" ">
    <subfield code="a">Cesarini Cesare</subfield>
    <subfield code="g">Codice autore testo/musica SPICS: 13620</subfield>
    <subfield code="e">Autore testo/musica</subfield>
    <subfield code="p">Firenze sogna</subfield>
    <subfield code="9">27619</subfield>
  </datafield>
  <datafield tag="942" ind1=" " ind2=" ">
    <subfield code="c">MD</subfield>
    <subfield code="2">ddc</subfield>
  </datafield>
  <datafield tag="952" ind1=" " ind2=" ">
    <subfield code="0">0</subfield>
    <subfield code="1">0</subfield>
    <subfield code="4">0</subfield>
    <subfield code="6">97129_000000000000000</subfield>
    <subfield code="7">1</subfield>
    <subfield code="a">SPICS</subfield>
    <subfield code="b">SPICS</subfield>
    <subfield code="d">2013-10-25</subfield>
    <subfield code="l">0</subfield>
    <subfield code="o">97129</subfield>
    <subfield code="r">2013-10-25 00:00:00</subfield>
    <subfield code="w">2013-10-25</subfield>
    <subfield code="y">MD</subfield>
    <subfield code="z">Progr. Ins.: 22251 / N.Vol.: 1 / Copie: 1 - Copia rara: n.d. / date import: 01.01.2014 - By Epidotti, Trombetti, Vaglietti</subfield>
  </datafield>
</record>
